| 000 | 00517nam a22001937a 4500 | ||
|---|---|---|---|
| 003 | 0 | ||
| 005 | 20240923150204.0 | ||
| 008 | 240923b xxu||||| |||| 00| 0 eng d | ||
| 020 | _a978-0-357-72063-9 | ||
| 050 |
_aHB 172 _b.Ar76 2023 |
||
| 100 | _aArnold, Roger A. | ||
| 245 |
_aMicroeconomics _cArnold, Roger A. |
||
| 250 | _a14th ed. | ||
| 260 |
_aAustralia _bCengage _cC2023 |
||
| 300 |
_axx, 566p. _bill. ; col.: _c26cm. |
||
| 500 | _aMicroeconomics. | ||
| 650 | _aIncludes glossary & index. | ||
| 942 |
_2lcc _cBK |
||
| 999 |
_c366363 _d366363 |
||